000 00738nam a2200289Ia 4500
005 20260324145706.0
008 008 260324s9999 xx 000 0 eng d
020 _a9781003387503
037 _aEBOOK
040 _aCRL
040 _beng
040 _cCRL
041 _2eng
041 _aeng
084 _qCRL
100 _aD. Brandon; K. Wells; C. Francis; E. Ramsay
_91223854
245 4 _aThe Survivors
245 2 _bA study of homeless young newcomers to London and the responses made to them
260 _bTaylor and Francis
260 _c1980
365 _a
365 _b145
856 _uhttp://www.taylorfrancis.com/books/9781003387503
942 _cEBOOK
999 _c1832115
_d1832115